00477 a2200169 450000100060000002000150000604000240002110000170004524000380006224500330010030000070013336200090014065000310014994200070018095201030018799900170029044661 a8590044831 cAnchieta - Aquarius aLima, Ismine10aA cadeira mágica do Xavierlpor10aA cadeira mágica do Xavier a180 a1999 4aLiteratura infanto-juvenil cBK 00104070a87.1b87.1d2023-11-21l0o028.5 LIM CADp932/AQUr2023-11-21 15:10:30w2023-11-21yBK c44661d44661